The Usborne illustrated dictionary of science / (Record no. 2704)

MARC details
000 -LEADER
fixed length control field 01466nac a22003731i 4500
003 - CONTROL NUMBER IDENTIFIER
control field EG-ScBUE
005 - DATE AND TIME OF LATEST TRANSACTION
control field 20250306092619.0
008 - FIXED-LENGTH DATA ELEMENTS--GENERAL INFORMATION
fixed length control field 100923s2001 enka f d 000 0 eng d
020 ## - INTERNATIONAL STANDARD BOOK NUMBER
International Standard Book Number 9780794500641
035 ## - SYSTEM CONTROL NUMBER
System control number (OCoLC)ocm49253050
040 ## - CATALOGING SOURCE
Original cataloging agency EG-ScBUE
Language of cataloging eng
Description conventions rda
Transcribing agency EG-ScBUE
Modifying agency EG-ScBUE
082 04 - DEWEY DECIMAL CLASSIFICATION NUMBER
Classification number 503
Item number USB
Edition number 22
100 1# - MAIN ENTRY--PERSONAL NAME
Personal name Stockley, Corinne,
Relator term author.
245 14 - TITLE STATEMENT
Title The Usborne illustrated dictionary of science /
Statement of responsibility, etc Corinne Stockley, Chris Oxlade, and Jane Wertheim.
264 #1 - PUBLICATION, DISTRIBUTION, ETC. (IMPRINT)
Place of publication, distribution, etc London :
Name of publisher, distributor, etc Usborne,
Date of publication, distribution, etc 2001.
300 ## - PHYSICAL DESCRIPTION
Extent 382 pages :
Other physical details color illustrations ;
Dimensions 25 cm
336 ## - CONTENT TYPE
Source rdacontent
Content type term text
Content type code txt
337 ## - MEDIA TYPE
Media type term unmediated
Source rdamedia
Media type code n
338 ## - CARRIER TYPE
Carrier type term volume
Carrier type code nc
Source rdacarrier
500 ## - GENERAL NOTE
General note "A complete reference guide to physics, chemistry and biology, with recommended web sites"--Cover.
500 ## - GENERAL NOTE
General note Includes index.
650 #7 - SUBJECT ADDED ENTRY--TOPICAL TERM
Topical term or geographic name as entry element Science
Form subdivision Dictionaries, Juvenile.
Source of heading or term BUEsh
9 (RLIN) 19858
650 #7 - SUBJECT ADDED ENTRY--TOPICAL TERM
Topical term or geographic name as entry element Physics
Form subdivision Dictionaries, Juvenile.
Source of heading or term BUEsh
9 (RLIN) 19859
650 #7 - SUBJECT ADDED ENTRY--TOPICAL TERM
Topical term or geographic name as entry element Chemistry
Form subdivision Dictionaries, Juvenile.
Source of heading or term BUEsh
9 (RLIN) 19860
650 #7 - SUBJECT ADDED ENTRY--TOPICAL TERM
Topical term or geographic name as entry element Biology
Form subdivision Dictionaries, Juvenile.
Source of heading or term BUEsh
9 (RLIN) 19861
650 #7 - SUBJECT ADDED ENTRY--TOPICAL TERM
Topical term or geographic name as entry element Science
Form subdivision Dictionaries.
Source of heading or term BUEsh
9 (RLIN) 19862
650 #7 - SUBJECT ADDED ENTRY--TOPICAL TERM
Topical term or geographic name as entry element Physics
Form subdivision Dictionaries.
Source of heading or term BUEsh
9 (RLIN) 19863
650 #7 - SUBJECT ADDED ENTRY--TOPICAL TERM
Topical term or geographic name as entry element Chemistry
Form subdivision Dictionaries.
Source of heading or term BUEsh
9 (RLIN) 19864
650 #7 - SUBJECT ADDED ENTRY--TOPICAL TERM
Topical term or geographic name as entry element Biology
Form subdivision Dictionaries.
Source of heading or term BUEsh
9 (RLIN) 19865
655 ## - INDEX TERM--GENRE/FORM
Form subdivision Reading book
700 1# - ADDED ENTRY--PERSONAL NAME
Personal name Oxlade, Chris,
Relator term author.
9 (RLIN) 19856
700 1# - ADDED ENTRY--PERSONAL NAME
Personal name Wertheim, Jane
Fuller form of name (Guy),
Dates associated with a name 1957-
Relator term author.
9 (RLIN) 19857
942 ## - ADDED ENTRY ELEMENTS (KOHA)
Koha item type Reference (NB)
Source of classification or shelving scheme Dewey Decimal Classification
Holdings
Withdrawn status Lost status Source of classification or shelving scheme Damaged status Not for loan Collection code Home library Current library Shelving location Date acquired Source of acquisition Cost, normal purchase price Total Checkouts Full call number Barcode Date last seen Cost, replacement price Koha item type
    Dewey Decimal Classification     Baccah Central Library Central Library Ground Floor 23/09/2010 Purchase 210.00   503 USB 000001443 15/07/2025 262.50 Reference (NB)